وادئ احساس / (Record no. 42804)

MARC details
000 -LEADER
fixed length control field 00977nam a22002297a 4500
005 - DATE AND TIME OF LATEST TRANSACTION
control field 20100821110411.0
008 - FIXED-LENGTH DATA ELEMENTS--GENERAL INFORMATION
fixed length control field 100412t xxu||||| |||| 00| 0 ur d
010 ## - LCCN (DPL NO)
LC control number UR-7818
020 ## - INTERNATIONAL STANDARD BOOK NUMBER
Terms of availability 50.00
035 ## - SYSTEM CONTROL NUMBER
System control number U-6373
040 ## - CATALOGING SOURCE
Original cataloging agency dpl
Language of cataloging ur
082 ## - DEWEY DECIMAL CLASSIFICATION NUMBER
Classification number 841
100 ## - MAIN ENTRY--PERSONAL NAME
9 (RLIN) 15656
Personal name محمد مطہرين انجم
245 ## - TITLE STATEMENT
Title وادئ احساس /
Statement of responsibility, etc محمد مطہرين انجم
246 ## - VARYING FORM OF TITLE
Title proper/short title Wadiye Aehsas /
Remainder of title by Mohd. Mutahharin Anjum
260 ## - PUBLICATION, DISTRIBUTION, ETC. (IMPRINT)
Place of publication, distribution, etc کانپور
Name of publisher, distributor, etc آل انڈیاپونم کلچرل سوسائٹی
270 ## - ADDRESS
Address Aderson 105/131, Chamanganj
City Kanpur
Telephone number 2554917
300 ## - PHYSICAL DESCRIPTION
Extent ص 304
Other physical details 22 س م (Pbk)
942 ## - ADDED ENTRY ELEMENTS (KOHA)
Source of classification or shelving scheme Dewey Decimal Classification
Item type Urdu Bks
Classification part 841
Call number suffix م ح م
Holdings
Withdrawn status Lost status Source of classification or shelving scheme Damaged status Not for loan Collection code Home library Current library Date acquired Source of acquisition Cost, normal purchase price Total Checkouts Full call number Barcode Date last seen Copy number Cost, replacement price Koha item type
    Dewey Decimal Classification   Not For Loan Non-fiction D.B.Act.Division D.B.Act.Division 21/08/2010 DBAD/PUB 50.00   841 م ح م U-6373 21/08/2010 1 50.00 Urdu Bks

© Delhi Public Library
Hit Counter
free hit counter